[Event "Europa ch Femenino 2013"]
[Site "Belgrado SER"]
[Date "2013.08.03"]
[Round "11.80"]
[White "Milanovic, Maja"]
[Black "Ivekovic, Ivana"]
[Result "0-1"]
[WhiteElo "1969"]
[BlackElo "1858"]
[PlyCount "72"]
[EventDate "2013.07.23"]
[EventType "swiss"]
[EventRounds "11"]
[EventCountry "SER"]
[Source "lmi"]
[SourceDate "2013.07.22"]

1. e4 c5 2. Nf3 Nc6 3. d4 cxd4 4. Nxd4 Nf6 5. Nc3 d6 6. Be2 g6 7. O-O Bg7 8.
Be3 O-O 9. h3 Bd7 10. Nb3 Rc8 11. Qd2 a6 12. a4 Ne5 13. f3 Be6 14. Nd5 Bxd5 15.
exd5 Qc7 16. Na5 Qxc2 17. Rfd1 Nxd5 18. Bf2 Nf4 19. Qxf4 Qxe2 20. Rd2 Nd3 21.
Rxe2 Nxf4 22. Rxe7 Bxb2 23. Rb1 Be5 24. Rexb7 Rc2 25. Nb3 Rfc8 26. Kf1 Ra2 27.
Nd4 Rxa4 28. Ne2 Nxe2 29. Kxe2 Rc2+ 30. Kf1 Raa2 31. Be3 Rxg2 32. Rc1 Rgc2 33.
Rcb1 Rab2 34. Bh6 Rf2+ 35. Kg1 Rg2+ 36. Kh1 Rh2+ 0-1

[Event "Europa ch Femenino 2013"]
[Site "Belgrado SER"]
[Date "2013.08.03"]
[Round "11.81"]
[White "Paramentic, Mila"]
[Black "Sekulovic, Dusica"]
[Result "1/2-1/2"]
[WhiteElo "1936"]
[BlackElo "1805"]
[PlyCount "128"]
[EventDate "2013.07.23"]
[EventType "swiss"]
[EventRounds "11"]
[EventCountry "SER"]
[Source "lmi"]
[SourceDate "2013.07.22"]

1. e4 c5 2. Nc3 Nc6 3. g3 a6 4. Bg2 d6 5. d3 e6 6. Nge2 Nf6 7. O-O Be7 8. h3
Qc7 9. Be3 b5 10. Qd2 Bb7 11. f4 b4 12. Nd1 d5 13. e5 Nd7 14. d4 c4 15. f5 Nd8
16. c3 a5 17. Bg5 Nf8 18. f6 gxf6 19. Bxf6 Rg8 20. Ne3 Bxf6 21. Rxf6 Nd7 22.
Rh6 Rg7 23. Ng4 Nc6 24. Qc2 O-O-O 25. Rxh7 Rxh7 26. Qxh7 Nf8 27. Qc2 Ng6 28.
Rf1 Rh8 29. Nf4 Nge7 30. Nf6 Nd8 31. g4 Qb6 32. Kh2 Bc6 33. Rd1 Nb7 34. Kg3 Qd8
35. b3 cxb3 36. Qxb3 Qb6 37. cxb4 axb4 38. a3 Na5 39. Qxb4 Qxb4 40. axb4 Nc4
41. Ra1 Kb7 42. Bf1 Bb5 43. h4 Nc6 44. h5 Nxd4 45. Bxc4 Bxc4 46. Rd1 Nc6 47.
Re1 Kb6 48. g5 Ne7 49. g6 Nf5+ 50. Kg4 fxg6 51. hxg6 d4 52. Nd7+ Kb5 53. Nc5
Ne7 54. Kg5 Rg8 55. Kf6 Nxg6 56. Nxg6 Kxb4 57. Nxe6 d3 58. Nef4 d2 59. Rh1 Kc3
60. e6 Kc2 61. e7 d1=Q 62. Rxd1 Kxd1 63. Nf8 Bb5 64. Kf7 Rg5 1/2-1/2

[Event "Europa ch Femenino 2013"]
[Site "Belgrado SER"]
[Date "2013.08.03"]
[Round "11.82"]
[White "Sarjanovic, Andjela"]
[Black "Nestorovic, Katarina"]
[Result "0-1"]
[WhiteElo "1655"]
[BlackElo "1484"]
[PlyCount "106"]
[EventDate "2013.07.23"]
[EventType "swiss"]
[EventRounds "11"]
[EventCountry "SER"]
[Source "lmi"]
[SourceDate "2013.07.22"]

1. e4 c5 2. c3 Nf6 3. e5 Nd5 4. d4 cxd4 5. cxd4 e6 6. Bc4 d6 7. Nf3 Nc6 8. O-O
Be7 9. Qe2 O-O 10. Nc3 Nxc3 11. bxc3 dxe5 12. dxe5 Qa5 13. Bd2 Rd8 14. Rfd1 Bd7
15. Rab1 Rab8 16. Bd3 a6 17. Qe4 g6 18. Bc4 Qa4 19. Qe2 Na5 20. Bd3 Bc6 21. Nd4
Bd5 22. Rdc1 Bc4 23. Bxc4 Qxc4 24. Be3 Rxd4 25. Qxc4 Rxc4 26. Bb6 Ra4 27. Rd1
Rxa2 28. Rd7 Kf8 29. h3 Ke8 30. Rbd1 Nc4 31. Ba7 Nxe5 32. Rxe7+ Kxe7 33. Bxb8
Nc6 34. Bd6+ Ke8 35. Bc7 Rc2 36. Rd3 b5 37. Kf1 b4 38. cxb4 Nxb4 39. Rb3 Rxc7
40. Rxb4 Kd7 41. Ke2 a5 42. Rb5 Ra7 43. Kf3 a4 44. Rb1 a3 45. Kg4 f6 46. h4 h5+
47. Kf4 Kc6 48. g4 Kc5 49. g5 f5 50. Ke5 a2 51. Ra1 Ra6 52. Kf6 e5+ 53. Kxe5
Kb4 0-1

[Event "Europa ch Femenino 2013"]
[Site "Belgrado SER"]
[Date "2013.08.03"]
[Round "11.84"]
[White "Rudovic, Anja"]
[Black "Jankovic, Milanka"]
[Result "1-0"]
[WhiteElo "1549"]
[BlackElo "1619"]
[PlyCount "59"]
[EventDate "2013.07.23"]
[EventType "swiss"]
[EventRounds "11"]
[EventCountry "SER"]
[Source "lmi"]
[SourceDate "2013.07.22"]

1. e4 e5 2. Nc3 Nf6 3. Bc4 Bc5 4. d3 O-O 5. f4 d6 6. f5 Bb4 7. Bg5 Bxc3+ 8.
bxc3 h6 9. Bh4 Nbd7 10. g4 c6 11. Qf3 b5 12. Bb3 Nc5 13. g5 hxg5 14. Bxg5 Nxb3
15. cxb3 g6 16. Qh3 gxf5 17. Qh4 Kg7 18. Qh6+ Kg8 19. Bxf6 Qxf6 20. Qxf6 fxe4
21. Ne2 Re8 22. Rg1+ Kf8 23. Qxd6+ Re7 24. Qd8+ Re8 25. Rg8+ Kxg8 26. Qxe8+ Kg7
27. Qxe5+ Kg8 28. Kd2 exd3 29. Rg1+ Kf8 30. Qd6+ 1-0